Los grandes períodos de la cultura Griega

Saved in:
Bibliografiske detaljer
Hovedforfatter: Alsina, José (Author)
Format: Bog
Sprog:spansk
Udgivet: Madrid, España Espasa Calpe 1988
Serier:Colección Austral. Historia, A54
Fag:
Tags: Tilføj Tag
Ingen Tags, Vær først til at tagge denne postø!

MARC

LEADER 00000nam a2200000 a 4500
001 UCX9971
003 CL-VaPUC
005 20220107074144.0
008 940705e19880000SP |||||||||||||||||spa|d
999 |c 229076  |d 229074 
040 |c Pontificia Universidad Católica de Valparaíso 
082 0 4 |a 938 ALS 1988  |2 21 
100 0 |a Alsina, José  |e author  |9 327510 
245 1 4 |a Los grandes períodos de la cultura Griega 
260 |a Madrid, España  |b Espasa Calpe  |c 1988 
300 |a 186 páginas 
490 0 |a Colección Austral. Historia,  |v  A54 
583 |a last modification  |c 19940705 00:00:00  |k Rodrigo Vera 
650 0 |a Civilización griega  |9 265578 
650 0 |a Helenismo  |9 267485 
650 0 |a Historia  |9 255047 
651 0 |a Grecia  |9 265314 
942 |c BK  |2 ddc 
945 |d 19940705 00:00:00  |a oaravena 
952 |0 0  |1 0  |4 0  |6 938_000000000000000_ALS_1988  |7 0  |8 A  |9 229640  |a BIBHIS  |b BIBHIS  |d 2019-11-15  |i 2988917  |l 1  |o 938 ALS 1988  |p 2988917  |r 2025-01-20  |s 2023-03-29  |w 2019-11-15  |y BK  |k HIS